[Event "Spring Festival"]
[Site "Budapest HUN"]
[Date "2008.03.22"]
[Round "2"]
[White "Hujbert,F"]
[Black "Bodrogi,L"]
[Result "0-1"]
[WhiteElo "2278"]
[BlackElo "2114"]

1.d4 d5 2.Nf3 Nf6 3.c4 dxc4 4.e3 e6 5.Bxc4 c5 6.O-O a6 7.Bb3 cxd4 8.Nxd4 Be7
9.Nc3 O-O 10.Qe2 Qc7 11.e4 e5 12.Nf3 Bg4 13.Be3 Nc6 14.Rac1 Qa5 15.Nd5 Nxd5
16.exd5 e4 17.Qc4 exf3 18.Qxg4 Ne5 19.Qg3 fxg2 20.Rfe1 Ng6 21.Bd4 Qd2 22.Rcd1 Qb4
23.Bc3 Qd6 24.Re4 a5 25.Rde1 Qxg3 26.hxg3 Bd6 27.Ba4 Rfd8 28.Kxg2 Kf8 29.Bxa5 f5
30.Bxd8 fxe4 31.Rxe4 Rxd8 32.f4 Ne7 33.Bb3 Bc5 34.Kf3 b6 35.Re5 Bd4 36.Re6 Nxd5  0-1

[Event "SCT Ladies Open"]
[Site "Stockholm SWE"]
[Date "2008.03.23"]
[Round "6"]
[White "Shumiakina,T"]
[Black "Sarakauskiene,Z"]
[Result "1-0"]
[WhiteElo "2352"]
[BlackElo "2226"]

1.d4 d5 2.c4 dxc4 3.Nf3 Nf6 4.e3 e6 5.Bxc4 c5 6.O-O a6 7.Bb3 Be7 8.Nc3 O-O
9.Qe2 Nbd7 10.Rd1 Qc7 11.e4 cxd4 12.Nxd4 b5 13.e5 Ne8 14.Bf4 Nc5 15.Bc2 g6
16.Rac1 Bb7 17.b4 Nd7 18.Be4 Bxb4 19.Nd5 Bxd5 20.Bxd5 exd5 21.Rxc7 Nxc7 22.e6 Nxe6
23.Nxe6 fxe6 24.Qxe6+ Rf7 25.Qxd5 Re8 26.Be3 Ne5 27.h3 Bc3 28.Qb3 Ba5 29.Rd6 Nc4
30.Rxa6 Nxe3 31.fxe3 Bd2 32.Re6 Rxe6 33.Qxe6 b4 34.Kh2 Kg7 35.h4 h5 36.Qe5+ Rf6
37.Kh3 Bc3 38.Qd5 Rf5 39.Qc6 Rf6 40.Qc4 Be1 41.e4 Bc3 42.a3 Be5 43.Qd5 Bc7
44.axb4 Rd6 45.Qe5+ Kf7 46.Qc3 Bb6 47.e5 Re6 48.Kg3 Ke7 49.Kf4 Kd7 50.b5 Bd8
51.Ke4 Bxh4 52.Qh3 g5 53.Kd5  1-0

[Event "TCh-HUN 2007-8"]
[Site "Budapest HUN"]
[Date "2008.03.30"]
[Round "9"]
[White "Izsak,Gyu"]
[Black "Almasi,I"]
[Result "1/2-1/2"]
[WhiteElo "2427"]
[BlackElo "2414"]

1.Nf3 Nf6 2.d4 d5 3.c4 dxc4 4.e3 e6 5.Bxc4 c5 6.O-O a6 7.Bb3 Nc6 8.Nc3 cxd4
9.exd4 Be7 10.Re1 O-O 11.a3 b5 12.d5 exd5 13.Nxd5 Nxd5 14.Bxd5 Bb7 15.Bf4 Bf6
16.Rc1 Rc8 17.b4 Ba8 18.Rc5 Nd4 19.Rxc8 Nxf3+ 20.Qxf3 Qxc8 21.Rc1 Bxd5 22.Qxd5 Qa8
23.Qxa8 Rxa8 24.Kf1 Bb2 25.Rb1 Bf6 26.Rc1 Bb2 27.Rb1 Bf6 28.Rc1  1/2-1/2

[Event "3rd Open"]
[Site "Kolkata IND"]
[Date "2008.04.02"]
[Round "10"]
[White "Laxman,R"]
[Black "Murali Krishnan,B"]
[Result "0-1"]
[WhiteElo "2439"]
[BlackElo "2363"]

1.d4 d5 2.c4 dxc4 3.Nf3 Nf6 4.e3 e6 5.Bxc4 c5 6.O-O a6 7.dxc5 Qxd1 8.Rxd1 Bxc5
9.Nbd2 Nc6 10.Nb3 Bb6 11.Bd2 Bd7 12.Bc3 Ke7 13.Nfd4 Rhc8 14.Nxc6+ Bxc6 15.Rac1 Ke8
16.Na5 Be4 17.Kf1 Rc7 18.Ke2 Rac8 19.b3 Bd5 20.Bd2 Ne4 21.Bb4 Bxa5 22.Bxa5 Bxc4+
23.Rxc4 Rxc4 24.bxc4 Rxc4 25.Rd8+ Ke7 26.Rb8 Nd6 27.Rh8 Rc2+ 28.Kf3 Rxa2
29.Bc3 g6 30.Rxh7 a5 31.h4 b5 32.Be5 Nc4 33.Bd4 e5 34.Bc5+ Ke6 35.Rh8  0-1

[Event "IX Dos Hermanas Internet"]
[Site "ICC INT"]
[Date "2008.04.04"]
[Round "1.1"]
[White "Williams,Si1"]
[Black "Har Zvi,R"]
[Result "1-0"]
[WhiteElo "2492"]
[BlackElo "2512"]

1.d4 d5 2.c4 dxc4 3.Nf3 e6 4.e3 Nf6 5.Bxc4 c5 6.O-O a6 7.Bb3 Nc6 8.Nc3 cxd4
9.exd4 Be7 10.Bg5 O-O 11.Qd2 Na5 12.Bc2 b5 13.Qf4 Bb7 14.Ne5 b4 15.Qh4 g6
16.Ne4 Bxe4 17.Bxe4 Rc8 18.Rad1 Nd5 19.Bxe7 Qxe7 20.Qh3 Rfd8 21.Rc1 Qg5 22.Rxc8 Rxc8
23.Bxd5 Rd8 24.Bxe6 fxe6 25.Qxe6+ Kg7 26.Nf7 Qd5 27.Nxd8  1-0

[Event "IX Dos Hermanas Internet"]
[Site "ICC INT"]
[Date "2008.04.05"]
[Round "4.2"]
[White "Andriasian,Z"]
[Black "Har Zvi,R"]
[Result "1/2-1/2"]
[WhiteElo "2533"]
[BlackElo "2512"]

1.d4 d5 2.Nf3 e6 3.c4 dxc4 4.e3 Nf6 5.Bxc4 c5 6.O-O a6 7.Bb3 Nc6 8.Qe2 Qc7
9.Nc3 Be7 10.dxc5 Bxc5 11.e4 Nd4 12.Nxd4 Bxd4 13.Be3 Bxc3 14.bxc3 O-O 15.f3 b5
16.c4 Bd7 17.Rfc1 Qe5 18.cxb5 Bxb5 19.Qf2 Rfd8 20.Rd1 h6 21.Bd4 Qf4 22.g3 Qg5
23.a4 Be8 24.Qe3 Qxe3+ 25.Bxe3 Rdb8 26.Rd3 Nd7 27.Rc3 Rb4 28.Rd1 Ne5 29.Bf4 Rxb3
30.Rxb3 Bxa4 31.Bxe5 Bxb3 32.Ra1 a5 33.Kf2 a4 34.Bd6 Rd8 35.Bb4 Rd4 36.Ba5 Rc4
37.Ke3 e5 38.Bd2 f6 39.h4 Kf7 40.g4 Rc2 41.Rc1 a3 42.Rxc2 Bxc2 43.Bc3 a2
44.f4 exf4+ 45.Kxf4 Ke6 46.g5 fxg5+ 47.hxg5 h5 48.Bxg7 Kf7 49.Ba1 Bb3 50.Kg3 Kg6
51.Kh4 Bc2 52.e5 Bf5 53.Bb2 Bg4 54.Ba1 Be6 55.Bb2 Bf7 56.Ba1 Kf5 57.Bb2 Bg6
58.Ba1 Ke4 59.Kg3 Kd3 60.e6 Kc2 61.e7 Kb1 62.Be5 a1=Q 63.Bxa1 Kxa1 64.Kf4 Kb2
65.Ke5 h4 66.Kf4 Kc3 67.Kg4 Kd4 68.Kxh4 Ke5 69.e8=Q+ Bxe8 70.Kg4 Bg6 71.Kg3 Kf5
72.Kh4 Kf4 73.Kh3 Kxg5  1/2-1/2

[Event "Copenhagen Chess Challenge"]
[Site "Ballerup DEN"]
[Date "2008.04.16"]
[Round "1"]
[White "Grabarczyk,M"]
[Black "Eriksson,C"]
[Result "1-0"]
[WhiteElo "2493"]
[BlackElo "2129"]

1.d4 d5 2.c4 dxc4 3.Nf3 Nf6 4.e3 e6 5.Bxc4 c5 6.O-O a6 7.a4 Nc6 8.Qe2 Qc7
9.Nc3 b6 10.d5 exd5 11.Nxd5 Nxd5 12.Bxd5 Bb7 13.Bd2 Bd6 14.Bc3 O-O 15.Qc4 Rab8
16.Rfd1 Ne5 17.Bxe5 Bxe5 18.Bxb7 Rxb7 19.Nxe5 Qxe5 20.Qxa6 Rbb8 21.Rd2 h5
22.Rad1 h4 23.h3 Rfe8 24.b3 Re6 25.Rd5 Qc3 26.Qb5 Qf6 27.a5 Ra8 28.a6 g5
29.Qd3 Kg7 30.Rf5 Rd6 31.Qxd6 Qxf5 32.Qxb6 g4 33.Qb7 Rg8 34.a7 gxh3 35.a8=Q Qc2
36.Qa1+  1-0

[Event "Copenhagen Chess Challenge"]
[Site "Ballerup DEN"]
[Date "2008.04.18"]
[Round "5"]
[White "Grabarczyk,M"]
[Black "Rasmussen,A"]
[Result "1/2-1/2"]
[WhiteElo "2493"]
[BlackElo "2510"]

1.d4 d5 2.Nf3 Nf6 3.c4 dxc4 4.e3 e6 5.Bxc4 c5 6.O-O a6 7.dxc5 Bxc5 8.Qxd8+ Kxd8
9.Ne5 Ke7 10.Be2 Nbd7 11.Nd3 Bd6 12.Nd2  1/2-1/2

[Event "Copenhagen Chess Challenge"]
[Site "Ballerup DEN"]
[Date "2008.04.20"]
[Round "9"]
[White "Semcesen,D"]
[Black "Rasmussen,A"]
[Result "1/2-1/2"]
[WhiteElo "2351"]
[BlackElo "2510"]

1.d4 d5 2.c4 dxc4 3.Nf3 Nf6 4.e3 e6 5.Bxc4 c5 6.O-O cxd4 7.Qxd4 Qxd4 8.Nxd4 a6
9.b3 Bd6 10.Bb2 Ke7 11.Nd2 b5 12.Be2 Bb7 13.a4 b4 14.Nc4 Bc7 15.a5 Nbd7 16.Nc2 Nc5
17.Nxb4 Nxb3 18.Ra3 Nc5 19.Rc1 Rhc8 20.f3 g6 21.Nb6 Bxb6 22.axb6 Nfd7 23.Bd4 e5
24.Bxc5+ Rxc5 25.Rca1 a5 26.Nd3 Rb5 27.Nf2 Rxb6 28.Rxa5 Rxa5 29.Rxa5 Rb1+
30.Nd1 Bc6 31.Kf2 f5 32.Ra2 Rb4 33.Rc2 Ba4 34.Nc3 Bxc2 35.Nd5+ Kd6 36.Nxb4 Bb3
37.Bb5 Nf6 38.Nd3 e4 39.Nf4 exf3 40.gxf3 Bf7  1/2-1/2

[Event "IX EICC"]
[Site "Plovdiv BUL"]
[Date "2008.04.21"]
[Round "1"]
[White "Nikolov,M"]
[Black "Fridman,D2"]
[Result "1/2-1/2"]
[WhiteElo "2488"]
[BlackElo "2640"]

1.d4 d5 2.Nf3 Nf6 3.c4 dxc4 4.e3 e6 5.Bxc4 c5 6.O-O a6 7.dxc5 Qxd1 8.Rxd1 Bxc5
9.b3 Nbd7 10.Bb2 Ke7 11.Be2 b6 12.Nbd2 Bb7 13.Ne1 b5 14.a4 b4 15.a5 Bd5 16.Bf3 Bxf3
17.gxf3 Nd5 18.Nd3 Rhc8 19.Nc4 Rab8 20.Rac1  1/2-1/2

[Event "ch-UZB"]
[Site "Tashkent UZB"]
[Date "2008.04.27"]
[Round "4"]
[White "Barsov,A"]
[Black "Egin,V"]
[Result "1-0"]
[WhiteElo "2480"]
[BlackElo "2444"]

1.d4 d5 2.c4 dxc4 3.Nf3 Nf6 4.e3 e6 5.Bxc4 c5 6.O-O a6 7.Bb3 b5 8.a4 b4 9.e4 cxd4
10.Nbd2 Be7 11.e5 Nfd7 12.Nc4 Nc6 13.Nxd4 Ndxe5 14.Nxc6 Nxc6 15.Be3 O-O 16.Qf3 Bb7
17.Rfd1 Qc7 18.Bb6 Qb8 19.Qe3 Bf6 20.Bc5 Rd8 21.Nb6 Bxb2 22.Rxd8+ Qxd8 23.Rd1 Qe8
24.Nxa8 Qxa8 25.Bc2 Bf6 26.Be4 Na5 27.Bxb7 Qxb7 28.Bd4 Qd5 29.Rc1 Be7 30.Rc8+ Bf8
31.Qe5 Qxe5 32.Bxe5 Nb7 33.Re8 f6 34.Bd4 e5 35.Be3 Nd6 36.Bc5  1-0

[Event "IX EICC"]
[Site "Plovdiv BUL"]
[Date "2008.04.29"]
[Round "8"]
[White "Grigorov,G"]
[Black "Logothetis,S"]
[Result "1/2-1/2"]
[WhiteElo "2456"]
[BlackElo "2291"]

1.d4 d5 2.Nf3 Nf6 3.c4 dxc4 4.e3 e6 5.Bxc4 c5 6.O-O a6 7.Bd3 cxd4 8.exd4 Nc6
9.Nc3 Be7 10.a3 O-O 11.Bg5 Nd5 12.Be3 Bf6 13.Ne4 Nce7 14.Nxf6+ Nxf6 15.Ne5 Bd7
16.Qb3 Bc6 17.Nxc6 bxc6 18.Rfd1 Qd6 19.Qc2 h6 20.Qe2 a5 21.Rac1 Ned5 22.Rc5 Rfd8
23.Rdc1 Nf4 24.Qd2 Nxd3 25.Qxd3 Rdc8 26.Qc4 Nd5 27.b3 Ne7 28.Qa4 Rcb8 29.g3 Rb5
30.Bf4 Rxc5 31.Rxc5 Qd7 32.Be3 Qd8 33.Bd2 Nf5 34.Be3 Ne7 35.Qc4 Qd7 36.Bd2 Qd8
37.Bc3 Qb6 38.a4 Qd8 39.Bd2 Nf5 40.Be3 Ne7 41.Bf4 Ra7 42.Bd2 Ra8 43.Qc3 Nd5
44.Qc4 Ne7 45.Qc3 Nd5 46.Qc2 Ne7 47.Qd3 Qb6 48.Qc3 Qd8 49.Rxa5 Rxa5 50.Qxa5 Qxd4
51.Qc3 Qd5 52.f3 Nf5 53.Kf2 Nd4 54.Qd3 e5 55.a5 Qc5 56.b4 Qd5 57.Bc3 Qa2+
58.Qd2 Qc4 59.Bxd4  1/2-1/2

[Event "ch-UZB"]
[Site "Tashkent UZB"]
[Date "2008.04.30"]
[Round "7"]
[White "Iuldachev,S"]
[Black "Egin,V"]
[Result "0-1"]
[WhiteElo "2501"]
[BlackElo "2444"]

1.Nf3 d5 2.d4 Nf6 3.c4 dxc4 4.e3 e6 5.Bxc4 c5 6.O-O a6 7.Bb3 cxd4 8.exd4 Nc6
9.Nc3 Be7 10.Bg5 O-O 11.Qd2 h6 12.Bxh6 gxh6 13.Qxh6 Ng4 14.Qh5 f5 15.h3 Kg7
16.hxg4 Rh8 17.Qxh8+ Qxh8 18.gxf5 exf5 19.Rfe1 Bd6 20.Ne5 Bd7 21.Rad1 Re8
22.Re3 f4 23.Re4 Bxe5 24.dxe5 Bf5 25.Rxf4 Rxe5 26.Nd5 Qe8 27.Rf1 Bg6 28.g3 Re1
29.Nc7 Qe7 30.Rxe1 Qxe1+ 31.Kg2 Nd8 32.Rg4 Qe2 33.Rh4 Qe5 34.Rc4 Nc6 35.Nxa6 Nd4  0-1

[Event "IX EICC"]
[Site "Plovdiv BUL"]
[Date "2008.05.02"]
[Round "11"]
[White "Erdos,V"]
[Black "Bratanov,Z"]
[Result "1-0"]
[WhiteElo "2576"]
[BlackElo "2440"]

1.d4 d5 2.Nf3 Nf6 3.c4 dxc4 4.e3 e6 5.Bxc4 c5 6.O-O Nc6 7.a3 a6 8.dxc5 Qxd1
9.Rxd1 Bxc5 10.b4 Ba7 11.Bb2 Ke7 12.Nbd2 Bd7 13.Ng5 Bb8 14.Ndf3 Rd8 15.Bd3 h6
16.Ne4 Nxe4 17.Bxe4 g5 18.g4 f6 19.Kg2 Bc7 20.Rac1 Be8 21.Rxd8 Rxd8 22.h4 gxh4
23.Rh1 h5 24.g5 fxg5 25.Nxg5 Be5 26.Bc1 Bf6 27.Nf3 Bg6 28.Bxg6 Rg8 29.Nxh4 Bxh4
30.Rxh4 Rxg6+ 31.Kf1 Rg5 32.e4 Rb5 33.Be3 a5 34.Bc5+ Kf6 35.a4 Rxb4 36.Bxb4 axb4
37.Rxh5 Nd4 38.Ke1 Kg6 39.Rh3 Kg5 40.Kd1 b3 41.Kc1 b6 42.Rh7 e5  1-0

[Event "Victory Day A"]
[Site "Moscow RUS"]
[Date "2008.05.04"]
[Round "11"]
[White "Konovalov,N"]
[Black "Krylov,M RUS"]
[Result "0-1"]
[WhiteElo "2426"]
[BlackElo "2409"]

1.d4 Nf6 2.Nf3 d5 3.c4 dxc4 4.e3 e6 5.Bxc4 c5 6.Nc3 a6 7.dxc5 Qxd1+ 8.Kxd1 Bxc5
9.a3 Nbd7 10.Ke2 b6 11.b4 Be7 12.Bd2 Bb7 13.Bd3 O-O 14.Rhd1 a5 15.bxa5 bxa5
16.Rdb1 Nc5 17.Bb5 Nfe4 18.Ra2 Rfd8 19.Nxe4 Bxe4 20.Rc1 Nb3 21.Rc3 a4 22.Bd3 Rac8
23.Bxe4 Rxc3 24.Bxc3 Nc1+ 25.Ke1 Nxa2 26.Ba5 Rc8 27.Bb7 Rc1+ 28.Kd2 Rc5  0-1

[Event "FSIM May"]
[Site "Budapest HUN"]
[Date "2008.05.14"]
[Round "12"]
[White "Zalkind,K"]
[Black "Werner,Di"]
[Result "1/2-1/2"]
[WhiteElo "2164"]
[BlackElo "2300"]

1.d4 d5 2.c4 dxc4 3.e3 e6 4.Bxc4 c5 5.Nf3 Nf6 6.O-O Qc7 7.Qe2 a6 8.a4 Nc6
9.Nc3 Bd6 10.Rd1 O-O 11.h3 b6 12.dxc5  1/2-1/2

[Event "Kaupthing Open"]
[Site "Differdange LUX"]
[Date "2008.05.15"]
[Round "7"]
[White "Marzolo,C"]
[Black "D'Costa,L"]
[Result "1/2-1/2"]
[WhiteElo "2476"]
[BlackElo "2410"]

1.d4 d5 2.Nf3 Nf6 3.c4 dxc4 4.e3 e6 5.Bxc4 c5 6.O-O a6 7.Bb3 Nc6 8.Qe2 cxd4
9.Rd1 Be7 10.Nxd4 Nxd4 11.exd4 Bd7 12.Nc3 Bc6 13.Bg5 O-O 14.Bxf6 Bxf6 15.d5 exd5
16.Bxd5 Qb6 17.Bxc6 Qxc6 18.Nd5 Rfe8 19.Qf3 Be5 20.Rac1 Qe6 21.g3 Rad8 22.b3 Rd7
23.Ne3 Bb8 24.Rxd7 Qxd7 25.Rd1 Qc7 26.Rd5 Ba7 27.Nf5 g6 28.Nd6 Re7 29.Ne4 Qc6
30.Kg2 Kg7 31.Qc3+ f6 32.Qd3 f5 33.Nc3 Rc7 34.Ne2 Kh6 35.Qf3 Re7 36.Nf4 Kg7
37.h4 Re1 38.Nd3 Ra1 39.h5 a5 40.hxg6 hxg6 41.g4 fxg4 42.Qe4 Rxa2 43.Ne5 Rxf2+
44.Kg3 Qe6 45.Rd7+ Kg8 46.Rd8+ Rf8 47.Rxf8+ Kxf8 48.Nxg6+ Kf7 49.Nh8+ Kf6
50.Qg6+ Ke5 51.Nf7+ Kd5 52.Qxe6+ Kxe6 53.Nd8+ Kf5 54.Nxb7 Bb8+ 55.Kg2 Bc7
56.Nc5 Ke5 57.Nb7 Kf4 58.Nc5 Bd6 59.Nb7 Bb4 60.Nd8 Be1 61.Nb7 Ke4 62.Nc5+ Kd4
63.Nb7 Ke5 64.Kf1 Bb4 65.Kg2 Kf4 66.Nd8 Bd6 67.Nb7 Bc7 68.Nc5 Ke3 69.Nb7  1/2-1/2

[Event "Mayors Cup Open"]
[Site "Mumbai IND"]
[Date "2008.05.15"]
[Round "6"]
[White "Kulkarni,R"]
[Black "Devesh,M"]
[Result "1/2-1/2"]
[WhiteElo "2181"]
[BlackElo "1955"]

1.d4 d5 2.c4 dxc4 3.Nf3 Nf6 4.e3 e6 5.Bxc4 c5 6.O-O a6 7.a4 Nc6 8.Qe2 cxd4
9.Rd1 Be7 10.exd4 O-O 11.Nc3 Nb4 12.Bg5 Re8 13.Rac1 Nfd5 14.Bxe7 Rxe7 15.Ne5 Bd7
16.Ne4 Bxa4 17.b3 Be8 18.Qf3 f6 19.Nd3 Nxd3 20.Bxd3 Bg6 21.g4 Rc8 22.Rc5 Nb4
23.Bb1 Rec7 24.h4 Nc6 25.h5 Bf7 26.Qd3 Nb4 27.Qe2 b6 28.Rc4 a5 29.Ng3 Nd5
30.g5 Rxc4 31.bxc4 Nc3 32.Qd3 Nxb1 33.g6 hxg6 34.hxg6 Be8 35.Rxb1 Qc7 36.Rc1 Qf4
37.Rb1 Qc7 38.Rc1 Qf4 39.Rb1 Qg5 40.Rxb6 Bxg6 41.Qe2 Qc1+ 42.Kh2 Qxc4 43.Qg4 Bf7
44.Rb7 Qd5 45.Ra7 Rd8 46.Ne2 Qh5+ 47.Qxh5 Bxh5 48.Nf4 Bf7 49.Rxa5 Rxd4 50.Kg3 e5
51.Ng2 Bh5 52.Ne3 Rf4 53.Nd5 Rf3+ 54.Kg2 Rb3 55.Ne3 Bg6 56.Ng4 Be4+ 57.Kh2 Rf3
58.Kg1 Rf5 59.Ne3 Rg5+ 60.Kf1 Bf3 61.Ke1 Rg1+ 62.Kd2 Rb1 63.Nf5 Rb7 64.Ke3 Bg4
65.Nd6 Rb3+ 66.Ke4 Rb2 67.Ra8+ Kh7 68.Ra7 Bh5 69.Nf5 Rxf2 70.Nxg7 Kg6 71.Ne6 Re2+
72.Kd3 Rb2 73.Ke3 Rb3+ 74.Kf2 Rb6 75.Nf8+ Kf5 76.Nd7 Rb2+ 77.Ke3 Rb3+ 78.Kf2 Be8
79.Nf8 Kf4 80.Ne6+ Kg4 81.Rg7+ Kf5 82.Re7 Bc6 83.Ng7+ Ke4 84.Nh5 Rf3+ 85.Kg2 Ke3
86.Kh2 Kf2 87.Re6 Rf5 88.Rxf6 Rxf6 89.Nxf6 Kf3 90.Kg1 Kf4 91.Kf2 Kg5 92.Ng8 Bb7
93.Ke3 Kf5 94.Nh6+  1/2-1/2

[Event "43rd Capablanca Memorial Open"]
[Site "Havana CUB"]
[Date "2008.05.17"]
[Round "10"]
[White "Stamenkovic,Dr"]
[Black "Aguero,L"]
[Result "1/2-1/2"]
[WhiteElo "2440"]
[BlackElo "2344"]

1.d4 d5 2.Nf3 Nf6 3.c4 dxc4 4.e3 e6 5.Bxc4 c5 6.Nc3 a6 7.a4 Nc6 8.O-O Qc7
9.Qe2 Bd6 10.dxc5 Bxc5 11.e4 Ng4 12.g3 Nce5 13.Nxe5 Nxe5 14.Ba2 Nc6 15.Be3 b6
16.Rac1 O-O 17.Nd1 Qe5 18.f4 Qxe4 19.Bb1 Qd5 20.Bxc5 bxc5 21.Be4 Qd4+ 22.Nf2 Bb7
23.Rc4 Qd7 24.Qe3 Nd4  1/2-1/2

[Event "TCh-HUN 2007-8"]
[Site "Budapest HUN"]
[Date "2008.05.18"]
[Round "11"]
[White "Pap,G"]
[Black "Varga,Cs2"]
[Result "1/2-1/2"]
[WhiteElo "2427"]
[BlackElo "2367"]

1.Nf3 d5 2.d4 Nf6 3.c4 dxc4 4.e3 e6 5.Bxc4 c5 6.O-O a6 7.dxc5 Bxc5 8.Qxd8+ Kxd8
9.Nbd2 b5 10.Be2 Bb7 11.a4 b4 12.Ne5 Ke7 13.Nb3 Nbd7 14.Bd2 a5 15.Nc4 Ne4
16.Rfd1 Bd5 17.Ncxa5 Nxd2 18.Rxd2 Rhc8 19.Nc4 Ba7 20.Rc2 Bb8 21.a5 Be5 22.Rac1 Ra7
23.f4 Bb8 24.Ncd2 Rxc2 25.Rxc2 Bc7 26.Nc4 e5 27.g3 Nb8 28.Kf2 Nc6 29.a6 exf4
30.gxf4 Rxa6 31.Ne5 Rb6 32.Bf3 Bxf3 33.Nxf3 Bd6 34.Ng5 Nd8 35.Ne4 Rc6 36.Rd2 f5
37.Ng5 h6 38.Nf3 Ne6 39.Nfd4 Nxd4 40.Nxd4 Rc5 41.h4 h5 42.Rd1 g6 43.Ra1 Kf7
44.Ra7+ Rc7 45.Rxc7+ Bxc7 46.b3 Bd8 47.Nf3 Ke6 48.Ke2 Bf6 49.Kd3 Kd5 50.Ke2 Bg7
51.Kd3 Bc3 52.Ke2 Bf6  1/2-1/2

[Event "TCh-HUN 2007-8"]
[Site "Budapest HUN"]
[Date "2008.05.18"]
[Round "11"]
[White "Horvath,Cs1"]
[Black "Fodor,T jr"]
[Result "1-0"]
[WhiteElo "2536"]
[BlackElo "2422"]

1.d4 d5 2.Nf3 Nf6 3.c4 dxc4 4.e3 e6 5.Bxc4 c5 6.Qe2 a6 7.dxc5 Bxc5 8.O-O Nc6
9.e4 b5 10.Bb3 e5 11.Be3 Qb6 12.Bxc5 Qxc5 13.Nbd2 Bb7 14.Rac1 Qe7 15.a4 O-O
16.axb5 Na5 17.b6 Nxb3 18.Nxb3 Bxe4 19.Nc5 Bxf3 20.Qxf3 Rab8 21.b7 e4 22.Qb3 Rfd8
23.Rfe1 h6 24.h3 Rd6 25.Nxe4 Nxe4 26.Rc8+ Rd8 27.Rxd8+ Qxd8 28.Rxe4 Qc7 29.Rb4 Qc1+
30.Kh2 Qc7+ 31.g3 h5 32.h4 g6 33.Qd5 Kh7 34.Kg2 Kg8 35.b3 Kh7 36.Qe4 Kg8
37.f4 Qd7 38.Rb6 Qd2+ 39.Kh3 Qd7+ 40.f5 Qc7 41.Rb4 Qd7 42.Rb6 Qc7 43.Qf4 Rxb7
44.Qxc7 Rxc7 45.fxg6 f5 46.b4 Rc2 47.Rb7 Rb2 48.Rh7 f4 49.gxf4 Rxb4 50.f5 Rf4
51.Rxh5 a5 52.Kg3 Rf1 53.Kg4 a4 54.Rh7 a3 55.Ra7  1-0

[Event "ch-LTU"]
[Site "Kaunas LTU"]
[Date "2008.05.18"]
[Round "2"]
[White "Pileckis,E"]
[Black "Sarakauskas,G"]
[Result "1/2-1/2"]
[WhiteElo "2403"]
[BlackElo "2449"]

1.d4 d5 2.c4 dxc4 3.e3 Nf6 4.Bxc4 e6 5.Nf3 c5 6.O-O a6 7.Bb3 b5 8.a4 b4 9.Nbd2 Bb7
10.e4 Nxe4 11.Nxe4 Bxe4 12.Re1 Bd5 13.Bg5 Be7 14.Bxe7 Bxb3 15.Qxb3 Qxe7 16.d5 O-O
17.dxe6 Nc6 18.Qd5 Nd4 19.Nxd4 cxd4 20.Qxd4 Rad8 21.Qb6 Rd2 22.Rad1 Rxb2
23.Qxa6 fxe6 24.Re2 Rxe2 25.Qxe2 Ra8 26.Qb5 Qe8 27.Qxb4 Rxa4 28.Qb7  1/2-1/2

[Event "TCh-CHN Torch Real Estate Cup"]
[Site "Jiangsu Wuxi CHN"]
[Date "2008.05.20"]
[Round "8"]
[White "Zhang Ziyang"]
[Black "Wen Yang"]
[Result "1-0"]
[WhiteElo "2384"]
[BlackElo "2497"]

1.d4 d5 2.Nf3 Nf6 3.c4 dxc4 4.e3 e6 5.Bxc4 c5 6.O-O a6 7.Bb3 b5 8.a4 b4 9.e4 Bb7
10.e5 Ne4 11.Nbd2 Nxd2 12.Bxd2 cxd4 13.Ng5 Be7 14.Qh5 Bxg5 15.Bxg5 Qd7 16.Rad1 Nc6
17.f4 Na5 18.Ba2 Be4 19.Qe2 Bg6 20.f5 Bxf5 21.Rxf5 b3 22.Bxb3 Nxb3 23.Rf3 Qd5
24.Qc2 Rb8 25.Rxb3 Qxb3 26.Qc6+ Kf8 27.Rc1 f6 28.exf6 Kf7 29.Qd7+ Kg6 30.Qxg7+ Kf5
31.f7 Ke4 32.Re1+ Kd5 33.f8=Q Rhxf8  1-0

[Event "ch-LTU"]
[Site "Kaunas LTU"]
[Date "2008.05.21"]
[Round "6"]
[White "Sakalauskas,V"]
[Black "Sarakauskas,G"]
[Result "1/2-1/2"]
[WhiteElo "2409"]
[BlackElo "2449"]

1.d4 d5 2.c4 dxc4 3.Nf3 Nf6 4.e3 e6 5.Bxc4 c5 6.Qe2 a6 7.dxc5 Bxc5 8.O-O b5
9.Bd3 Nbd7 10.e4 Bb7 11.Bg5 h6 12.Bh4 g5 13.Bg3 Nh5 14.Nc3 Nxg3 15.hxg3 g4
16.Nh4 h5 17.e5 Qc7 18.Be4 Bxe4 19.Qxe4 Rc8 20.Rac1 Qxe5 21.Qxe5 Nxe5 22.Ne4 Nd3
23.Rc3 Bxf2+ 24.Nxf2 Rxc3 25.bxc3 Nc5 26.Re1 Kd7 27.Ne4 Nxe4 28.Rxe4 Rc8
29.Re3 Rc4 30.Kf2 Kc6 31.Ke1 Ra4 32.Re2 Ra3 33.Rf2 a5 34.Kd1 Kc5 35.Rxf7 Rxa2
36.Rc7+ Kd6 37.Rc8 a4 38.Kc1 a3 39.Kb1 Rb2+ 40.Ka1 Rc2 41.Rb8 Kc5 42.Rc8+ Kd6
43.Rb8 Kc5 44.Rc8+ Kd6  1/2-1/2

[Event "Guillermo Garcia Mem"]
[Site "Santa Clara CUB"]
[Date "2008.05.23"]
[Round "5"]
[White "Arencibia Rodriguez,W"]
[Black "Nogueiras Santiago,J"]
[Result "1/2-1/2"]
[WhiteElo "2534"]
[BlackElo "2559"]

1.d4 d5 2.c4 dxc4 3.e3 e6 4.Bxc4 Nf6 5.Nf3 c5 6.O-O a6 7.dxc5 Qxd1 8.Rxd1 Bxc5
9.b3 b6 10.Bb2 Nbd7 11.Nbd2 Bb7 12.Be2 O-O  1/2-1/2

[Event "ch-CHN w"]
[Site "Beijing CHN"]
[Date "2008.05.31"]
[Round "3"]
[White "Ju Wenjun"]
[Black "Ding Yixin"]
[Result "1/2-1/2"]
[WhiteElo "2374"]
[BlackElo "2292"]

1.d4 d5 2.c4 dxc4 3.Nf3 Nf6 4.e3 e6 5.Bxc4 c5 6.O-O a6 7.Bb3 Nc6 8.Nc3 Be7
9.dxc5 Qxd1 10.Rxd1 Bxc5 11.Bd2 O-O 12.Na4 Ba7 13.Rac1 Rd8 14.Be1 Rxd1 15.Bxd1 Nd5
16.Bd2 h6 17.Bb3 Nf6 18.Be1 Nd5 19.a3 Nde7 20.Nc5 b6 21.Ne4 Bd7 22.Rd1 Rd8
23.Nd6 Be8 24.Nxe8 Rxe8 25.Kf1 Rd8 26.Rxd8+ Nxd8 27.Ke2 Ndc6 28.Bc4 b5 29.Bd3 Bc5
30.Nd2 Nd5 31.Be4 Kf8 32.Nb3 Bb6 33.Bxd5 exd5 34.Bc3 g6  1/2-1/2

[Event "ch-CHN w"]
[Site "Beijing CHN"]
[Date "2008.06.01"]
[Round "4"]
[White "Wang Xiaohui"]
[Black "Ding Yixin"]
[Result "1/2-1/2"]
[WhiteElo "2211"]
[BlackElo "2292"]

1.d4 d5 2.c4 dxc4 3.e3 Nf6 4.Bxc4 e6 5.Nf3 c5 6.O-O a6 7.Qe2 b5 8.Bb3 Bb7
9.a4 Nbd7 10.Ne5 c4 11.Nxd7 Qxd7 12.Bc2 Be7 13.Rd1 O-O 14.e4 Rfc8 15.e5 Nd5
16.Nc3 Nxc3 17.bxc3 Bc6 18.Ba3 Bxa3 19.Rxa3 g6 20.Qd2 Rcb8 21.Rda1 Qb7 22.axb5 axb5
23.f3 Rxa3 24.Rxa3 b4 25.cxb4 Qxb4 26.Qxb4 Rxb4 27.Rc3 Kf8  1/2-1/2

[Event "ch-PAR"]
[Site "Asuncion PAR"]
[Date "2008.06.14"]
[Round "5"]
[White "Ferreira,O PAR"]
[Black "Forte,F"]
[Result "1-0"]
[WhiteElo "2290"]
[BlackElo "1966"]

1.d4 d5 2.Nf3 Nf6 3.c4 dxc4 4.e3 e6 5.Bxc4 c5 6.O-O cxd4 7.exd4 Be7 8.Qe2 O-O
9.Rd1 Nc6 10.Nc3 Nb4 11.Ne5 a6 12.a3 Nbd5 13.Bg5 h6 14.Bh4 Nxc3 15.bxc3 Qc7
16.a4 b6 17.Rac1 Bd7 18.Bb3 Rfd8 19.c4 Rac8 20.h3 Be8 21.Bg3 Qb7 22.Bc2 b5
23.axb5 axb5 24.c5 Nd5 25.Be4 b4 26.Bxd5 Qxd5 27.Qc4 f6 28.Qxd5 Rxd5 29.Nc4 e5
30.Nb6 Rdd8 31.Nxc8 Rxc8 32.dxe5 Bxc5 33.exf6 gxf6 34.Bd6 Ba4 35.Rd4 Bxd4
36.Rxc8+ Kf7 37.Bxb4 Ke6 38.Bd2 Bd7 39.Rh8  1-0

[Event "III GM"]
[Site "Mysliborz POL"]
[Date "2008.06.15"]
[Round "8"]
[White "Orzech,D"]
[Black "Cyborowski,L"]
[Result "0-1"]
[WhiteElo "2483"]
[BlackElo "2541"]

1.d4 d5 2.Nf3 Nf6 3.c4 dxc4 4.e3 e6 5.Bxc4 c5 6.O-O a6 7.Bd3 Nc6 8.Nc3 Be7
9.dxc5 Bxc5 10.a3 Be7 11.b4 b5 12.Bb2 Bb7 13.Qc2 Rc8 14.Rad1 Qb6 15.Qb1 h6
16.Ne4 Nxe4 17.Bxe4 O-O 18.Rd7 Rc7 19.Rxc7 Qxc7 20.Rc1 Qb6 21.Qa1 f6 22.Nd4 Nd8
23.Qb1 Bd6 24.Qc2 Rf7 25.Bxb7 Rxb7 26.Qg6 Rc7 27.Rd1 Nf7 28.Qg4 Re7 29.h3 Ne5
30.Qe4 Nc4 31.Nc6 Rf7 32.Ba1 Qb7 33.Qf3 Rc7 34.Nd4 Qxf3 35.gxf3 Kf7 36.Rd3 Rd7
37.f4 g5 38.fxg5 hxg5 39.Kg2 Be5 40.Rb3 Bxd4 41.Bxd4 e5 42.Bc5 Rd1 43.Rc3 Ra1
44.Rd3 Rxa3 45.Rd8 Ra2 46.e4 Nd2 47.Rd7+ Kg6 48.Bb6 Nxe4 49.Kf3 Kf5 50.Kg2 Ra3
51.Ba5 Nc3 52.Ra7 Nd5 53.Kh2 Ke4 54.Kg1 f5 55.Rxa6 Nxb4  0-1

[Event "White Nights Open"]
[Site "St Petersburg RUS"]
[Date "2008.06.21"]
[Round "1"]
[White "Vunder,A"]
[Black "Belenkaya,D"]
[Result "1-0"]
[WhiteElo "2241"]
[BlackElo "1938"]

1.Nf3 Nf6 2.e3 d5 3.c4 e6 4.d4 dxc4 5.Bxc4 c5 6.O-O a6 7.Bb3 b5 8.a4 b4 9.Nbd2 Bb7
10.e4 cxd4 11.e5 Nd5 12.Nc4 Bc5 13.Bg5 Ne7 14.Rc1 Nbc6 15.Nfd2 Na5 16.Nxa5 Qxa5
17.Qg4 Nf5 18.Bc2 h6 19.Nc4 Qc7 20.Bf4 O-O 21.Bxf5 exf5 22.Qg3 Kh7 23.Nd6 Bd5
24.Nxf5 Rg8 25.Qh4 Qb6 26.Rxc5 g5 27.Qh5 Bxg2 28.Qxf7+ Kh8 29.e6 Raf8 30.Be5+  1-0

[Event "White Nights Open"]
[Site "St Petersburg RUS"]
[Date "2008.06.22"]
[Round "2"]
[White "Pankov,Ger"]
[Black "Bazeev,G"]
[Result "1/2-1/2"]
[WhiteElo "2349"]
[BlackElo "2134"]

1.d4 d5 2.c4 dxc4 3.e3 Nf6 4.Bxc4 e6 5.Nf3 c5 6.O-O a6 7.a4 Nc6 8.Qe2 Qc7
9.Nc3 Bd6 10.Rd1 b6 11.h3 Bb7 12.Bd2 O-O 13.Rac1 Rfd8 14.Ba2 Qe7 15.dxc5 Bxc5
16.e4 Nd4 17.Nxd4 Bxd4 18.Bb1 Nd7 19.Bf4 Nc5 20.Be3 Bxe3 21.Qxe3 Nb3 22.Rxd8+ Rxd8
23.Rd1 Rxd1+ 24.Nxd1 Qb4 25.Nc3 Qd4 26.Qxd4 Nxd4 27.f4 Nc6 28.Kf2 Kf8 29.Ke3 Ke7  1/2-1/2

[Event "TCh-TUR"]
[Site "Kocaeli TUR"]
[Date "2008.06.27"]
[Round "6"]
[White "Aydogdu,A"]
[Black "Yildiz,B"]
[Result "0-1"]
[WhiteElo "2050"]
[BlackElo "2205"]

1.d4 d5 2.c4 dxc4 3.Nf3 Nf6 4.e3 e6 5.Bxc4 c5 6.O-O a6 7.Qc2 Nbd7 8.a4 b6
9.Nc3 Bb7 10.Qe2 Qc7 11.Rd1 Bd6 12.b3 O-O 13.h3 Rfd8 14.Bb2 cxd4 15.exd4 Nh5
16.Bc1 Nf4 17.Bxf4 Bxf4 18.Ne4 Nf8 19.g3 Bd6 20.Rac1 Ba3 21.Rc2 Qe7 22.Nc3 Qf6
23.d5 Bb4 24.Ne4 Qh6 25.d6 Qxh3 26.Neg5 Qh5 27.Rd4 Rxd6 28.Rh4 Qg6 29.Rf4 Bc5
30.b4 Bd4 31.Bd3 f5 32.Rc7 Bxf3 33.Nxf3 Qxg3+  0-1